LEADER 00791nam a2200205 i 4500 001 000000183100 003 CaOOAMICUS 005 20091105000000.0 008 091105s1941 it u000 u ita u 013 $a161062 040 $aSeMil$bita 100 1 $aFrasconi, Pier Marino.$0(OLS)http://semarc/name/67436 245 10$aDon Bartolo Longo /$cPier Marino Frasconi. 260 $aAlba :$bPia Società San Paolo,$c1941. 300 $aX, 511 p. ;$c23 cm. 600 14$aLongo, Bartolo .$0(OLS)http://semarc/subject/1587 850 $aSeMil 852 $aSeMil$W1$xVenegono$y1$m3E III 53$j133804$B133804$CSeMilBibl$Z2$F145519 $81 996 $6245$aDon Bartolo Longo$9(OLS)http://semarc/title/262787 996 $6260$aAlba :$bPia Società San Paolo$9(OLS)http://semarc/publisher/34522 LEADER 01045nam a2200241 i 4500 001 000000106758 003 CaOOAMICUS 005 20121119000000.0 008 121119s1998 it u000 u ita u 013 $a78952 020 $a88-8025-151-1 040 $aSeMil$bita 245 10$aOnlus :$benti non commerciali e Parrocchie /$ca cura dell' Avvocatura Generale Curia Arcivescovile di Milano. 260 $aMilano :$bCentro Ambrosiano,$ccopyr. 1998. 300 $a285 p. ;$c24 cm. 650 4$aEnti senza scopo di lucro - Legislazione.$0(OLS)http://semarc/subject/18567 710 0 $aArcidiocesi di Milano : Avvocatura Generale.$0(OLS)http://semarc/name/25820 850 $aSeMil 852 $aSeMil$W1$xVenegono$y1$m2J IV 231$j62869$B62869$CSeMilBibl$Z2$F72456 $81 961 $aOmaggio: Monti don Eros 996 $6020$a88-8025-151-1$9(OLS)http://semarc/number/87548 996 $6245$aOnlus :$benti non commerciali e Parrocchie$9(OLS)http://semarc/title/154888 996 $6260$aMilano :$bCentro Ambrosiano$9(OLS)http://semarc/publisher/29766